BIBLIOTECA

SENCICO

Estructuras desplegables : (Registro nro. 3271)

Detalles MARC
000 -LEADER
fixed length control field 01374nam a2200265Ia 4500
003 - CONTROL NUMBER IDENTIFIER
control field PE SENCICO BE
005 - DATE AND TIME OF LATEST TRANSACTION
control field 20251020182608.0
008 - FIXED-LENGTH DATA ELEMENTS--GENERAL INFORMATION
fixed length control field 200515s9999 xx 000 0 und d
020 ## - INTERNATIONAL STANDARD BOOK NUMBER
International Standard Book Number 978-84-15967-85-9
040 ## - CATALOGING SOURCE
Original cataloging agency PE SENCICO BE
Transcribing agency PE SENCICO BE
041 ## - LANGUAGE CODE
Language code of text/sound track or separate title spa
082 ## - DEWEY DECIMAL CLASSIFICATION NUMBER
Classification number 624.17
Item number R68
100 1# - MAIN ENTRY--PERSONAL NAME
9 (RLIN) 1442
Personal name Rivas Adrover, Esther
Relator term autor
245 10 - TITLE STATEMENT
Title Estructuras desplegables :
Remainder of title arquitectura, ingeniería y diseño /
Statement of responsibility, etc. Esther Rivas Adrover
250 ## - EDITION STATEMENT
Edition statement 1a ed.
260 ## - PUBLICATION, DISTRIBUTION, ETC.
Place of publication, distribution, etc. Barcelona :
Name of publisher, distributor, etc. Promopress,
Date of publication, distribution, etc. 2015
300 ## - PHYSICAL DESCRIPTION
Extent 160 páginas :
Other physical details ilustraciones a color, diagramas ;
Dimensions 17 cm.
504 ## - BIBLIOGRAPHY, ETC. NOTE
Bibliography, etc. note Bibliografía: p. 154-155.
520 3# - SUMMARY, ETC.
Summary, etc. La estructura desplegable se expanden y se contraen debido a las características geométricas, materiales y mecánicas, ofreciendo el potencial de crear entornos verdaderamente cambiantes. Este libro considera las innovaciones mas recientes en este campo y examina los distintos tipos de estructuras desplegables, así como numerosos enfoques de diseño.<br/>Lleno de fotografías, maquetas, ilustraciones y diagramas. Esta repleto de ideas inspiradoras destinadas a profesionales y estudiantes de arquitectura.
650 10 - SUBJECT ADDED ENTRY--TOPICAL TERM
Topical term or geographic name entry element Diseño de estructuras
9 (RLIN) 16
650 20 - SUBJECT ADDED ENTRY--TOPICAL TERM
Topical term or geographic name entry element Análisis estructural (Ingeniería)
9 (RLIN) 159
650 20 - SUBJECT ADDED ENTRY--TOPICAL TERM
Topical term or geographic name entry element Modelos estructurales
9 (RLIN) 160
650 20 - SUBJECT ADDED ENTRY--TOPICAL TERM
Topical term or geographic name entry element Sistemas estructurales
9 (RLIN) 742
942 ## - ADDED ENTRY ELEMENTS (KOHA)
Koha item type Libros
Source of classification or shelving scheme Dewey Decimal Classification
Existencias
Fecha de la última vez que lo usaron Número de ingreso o de inventario Pago total Signatura topográfica completa Precio efectivo desde Tipo de documento Estado perdido Sistema de clasificación Estado dañado No es para préstamo Retirado Ubicación permanente Ubicación actual Fecha de adquisición Fuente de adquisición
15/05/2020 16613   624.17/R68 20/10/2025 Libros   Dewey Decimal Classification       Biblioteca Central Lima Biblioteca Central Lima 26/07/2023 Comprado de la librería Libun